000 00776nam a22002057a 4500
999 _c16030
_d16030
003 AR-CdUCM
008 190430b ||||| |||| 00| 0 spa d
040 _aMUNICIPALIDAD PROVINCIAL DEL CUSCO
_cBIBLIOTECA MUNICIPAL DEL CUSCO
041 _hrus
082 _a940 /
_bL44
100 _aLenin, V. L.
_97072
245 _aEl imperialismo, fase superior del capitalismo /
260 _aMéxico D.F. :
_bGrijalbo,
_c1975.
300 _a163 paginas ;
_c19 cm.
440 _aColeccion
_n70
_92202
505 _aContenido : La concentración de la producción y los monopolios -- Los bancos y su nuevo papel -- El capital financiero y la oligarquía financiera -- La exportación de capital...
650 _aCapitalismo
_93221
942 _2ddc
_cLIBROS
945 _awnts
_d2019-04-30